John Wesley; his puritan heritage; (Record no. 865)

MARC details
000 -LEADER
fixed length control field 00878cam a2200301 4500
001 - CONTROL NUMBER
control field 5680220
003 - CONTROL NUMBER IDENTIFIER
control field GBCCL
005 - DATE AND TIME OF LATEST TRANSACTION
control field 20241126110347.0
008 - FIXED-LENGTH DATA ELEMENTS--GENERAL INFORMATION
fixed length control field 721212s1966 tnu b 000 0 eng
010 ## -
-- 66015494
035 ## - SYSTEM CONTROL NUMBER
System control number (OCoLC)ocn687073396
035 ## - SYSTEM CONTROL NUMBER
System control number 5680220
040 ## - CATALOGING SOURCE
Original cataloging agency DLC
Transcribing agency CCL
Modifying agency OCL
-- SER
-- YUS
049 ## -
-- YUTI
050 0# -
-- BX8495.W5
-- M6
082 ## - DEWEY DECIMAL CLASSIFICATION NUMBER
Classification number 287.092
-- B
Item number MON
100 1# - MAIN ENTRY--PERSONAL NAME
Personal name Monk, Robert C.
9 (RLIN) 1353
245 10 - TITLE STATEMENT
Title John Wesley; his puritan heritage;
Remainder of title a study of the Christian life
Statement of responsibility, etc. [by] Robert C. Monk.
260 ## - PUBLICATION, DISTRIBUTION, ETC.
Place of publication, distribution, etc. Nashville,
Name of publisher, distributor, etc. Abingdon Press
Date of publication, distribution, etc. [1966]
300 ## - PHYSICAL DESCRIPTION
Extent 286 p.
Dimensions 24 cm.
500 ## - GENERAL NOTE
General note Based on thesis, Princeton University.
504 ## - BIBLIOGRAPHY, ETC. NOTE
Bibliography, etc. note Bibliography: p. 265-278.
600 10 - SUBJECT ADDED ENTRY--PERSONAL NAME
Personal name Wesley, John,
Dates associated with a name 1703-1791.
9 (RLIN) 1354
650 #0 - SUBJECT ADDED ENTRY--TOPICAL TERM
Topical term or geographic name entry element Puritans
Geographic subdivision England.
9 (RLIN) 1355
942 ## - ADDED ENTRY ELEMENTS (KOHA)
Source of classification or shelving scheme Dewey Decimal Classification
Koha item type Books
Koha issues (borrowed), all copies 4
947 ## - LOCAL PROCESSING INFORMATION (OCLC)
a PCC8414
948 ## - LOCAL PROCESSING INFORMATION (OCLC); SERIES PART DESIGNATOR (RLIN)
Series part designator, SPT (RLIN) OCLC BHPP RECON
Holdings
Withdrawn status Lost status Source of classification or shelving scheme Damaged status Not for loan Home library Current Library Shelving location Date acquired Total checkouts Full call number Barcode Date last seen Date last checked out Copy number Price effective from Koha item type
    Dewey Decimal Classification     GRACE BIBLE COLLEGE GRACE BIBLE COLLEGE Church History 2017-03-21 5 287.092 MON 001360 2025-10-03 2025-09-29 c.1 2017-03-21 Books
© Grace Bible College Library 2025